Lighting (Record no. 104846)

MARC details
000 -LEADER
fixed length control field 00983cam a2200217 4500
001 - CONTROL NUMBER
control field ##L131810
008 - FIXED-LENGTH DATA ELEMENTS--GENERAL INFORMATION
fixed length control field 051209n2004 000 0 eng u
020 ## - INTERNATIONAL STANDARD BOOK NUMBER
International Standard Book Number 186081719X
035 ## - SYSTEM CONTROL NUMBER
System control number (Sirsi) u131810
041 0# - LANGUAGE CODE
Language code of text/sound track or separate title eng
050 04 - LIBRARY OF CONGRESS CALL NUMBER
Classification number 729.28 $2 18
110 2# - MAIN ENTRY--CORPORATE NAME
Corporate name or jurisdiction name as entry element BRE Environment
9 (RLIN) 4806
245 00 - TITLE STATEMENT
Title Lighting
Remainder of title non-domestic
260 ## - PUBLICATION, DISTRIBUTION, ETC.
Place of publication, distribution, etc. Watford
Name of publisher, distributor, etc. BRE
Date of publication, distribution, etc. 2004
300 ## - PHYSICAL DESCRIPTION
Extent 8p
Other physical details ill, tables
Dimensions 30cm
490 #0 - SERIES STATEMENT
Series statement BRE Good Building Guide
Volume/sequential designation GBG 61(part 3)
520 ## - SUMMARY, ETC.
Summary, etc. The final part of this three part guide describes how to fulfil the lighting requirements of Part L2 of the Building Regulations 2000 in offices, industrial and storage buildings, public houses, hotels and retail premises, and how to follow good practice in energy efficient lighting for specific applications.
650 24 - SUBJECT ADDED ENTRY--TOPICAL TERM
Topical term or geographic name entry element BUILDING REGULATIONS 2000 APPROVED DOCUMENT L2 (2002 EDITION)
690 ## - LOCAL SUBJECT ADDED ENTRY--TOPICAL TERM (OCLC, RLIN)
Topical term or geographic name as entry element BUILT ENVIRONMENT-BUILDING ELEMENTS-COMPLETE BUILDING SERVICES ELEMENTS-COMPLETE LIGHTING SYSTEMS
942 ## - ADDED ENTRY ELEMENTS (KOHA)
Suppress in OPAC 0
Holdings
Withdrawn status Lost status Source of classification or shelving scheme Damaged status Not for loan Home library Current library Shelving location Date acquired Total Checkouts Full call number Barcode Date last seen Date last checked out Copy number Price effective from Koha item type
    Dewey Decimal Classification     London London BRE publications 09/12/2005 2 ENQUIRY DESK 30061302 06/08/2019 13/08/2008 1 06/08/2019 Book